Super Mario Odyssey Captures - Category Elimination - Statistics

General Stats
  • This quiz has been taken 88 times
  • The average score is 14 of 20
Answer Stats
Hint Answer % Correct
30 ...Is Found in Multiple Kingdoms
99%
8 ...Is From Super Mario Bros.
93%
18 ...Is Used for Story Progression
91%
33 …Is a New Capture For Super Mario Odyssey
88%
22 ...Who Only Appears in One Kingdom
86%
7 ...Who is Required for a Specific Power Moon
85%
15 ...Is an Inanimate Object
82%
5 ...Who is Not Used in a Boss Fight
82%
4 ...Who Can Damage Mario
78%
22 ...Is Not Able to Freely Roam
72%
6 ...Is Located in a Kingdom Before Metro Kingdom
70%
2 ...Is Located in the Wooded Kingdom
69%
10 ...Who Cannot Jump
68%
7 ...Is Found Within Moon Cave
66%
1 ...Is Able to Reach High Places Goomba
65%
5 ...Is Used in the Any% WR Run
51%
1 ...Does Not Provide Access to a Power Moon Boulder
47%
2 ...Is Located in Only One Kingdom
35%
1 ...Does Not Directly Provide Access to a Power Moon Pole
32%
1 ...Who Can Talk Moe-Eye
27%
No matching quizzes found
Score Distribution
Percent of People with Each Score
Percentile by Number Answered
Your Score History
You have not taken this quiz